000 00587nam a2200253Ia 4500
003 OSt
005 20220912152014.0
006 a|||||r|||| 00| 0
007 ta
008 220909b |||||||| |||| 00| 0 eng d
024 _a62204
037 _cTextual
040 _aCSL
_beng
_cCSL
041 _aeng
082 _aI23, K1
100 _aIngold C T
245 0 _aBiology of fungi
260 _c1961
300 _ap.
_ccm.
490 _aHutchinson biological monographs; 2
650 _aFungi
942 _hI23, K1
_cTEXL
_2CC
999 _c79023
_d79023